|
|
|
|
| LEADER |
00000nam a2200000Ii 4500 |
| 001 |
DIGANAGRA0172 |
| 003 |
NyNyDIG |
| 006 |
m o d |
| 007 |
cr ||||||||||| |
| 008 |
210820s2015 sp o 000 f spa d |
| 035 |
|
|
|a (OCoLC)1282641449
|
| 040 |
|
|
|a DGITA
|b eng
|e rda
|e pn
|c DGITA
|
| 020 |
|
|
|a 9788433936783
|q eBook
|q ePub
|
| 020 |
|
|
|z 9788433977960
|
| 050 |
1 |
4 |
|a PQ8098.36.A43 ebook
|
| 082 |
0 |
4 |
|a 863.7
|
| 100 |
1 |
|
|a Zambra, Alejandro,
|d 1975-
|e author.
|
| 245 |
1 |
0 |
|a Bonsái & La vida privada de los árboles /
|c Alejandro Zamba.
|
| 246 |
3 |
3 |
|a Bonsái y La vida privada de los árboles
|
| 250 |
|
|
|a Edición en formato digital.
|
| 264 |
|
1 |
|a Barcelona :
|b Editorial Anagrama,
|c [2015]
|
| 300 |
|
|
|a 1 online resource :
|b illustrations.
|
| 336 |
|
|
|a text
|b txt
|2 rdacontent
|
| 337 |
|
|
|a computer
|b c
|2 rdamedia
|
| 338 |
|
|
|a online resource
|b cr
|2 rdacarrier
|
| 347 |
|
|
|a text file
|2 rdaft
|
| 347 |
|
|
|b EPUB
|
| 490 |
1 |
|
|a Colección compactos
|
| 588 |
0 |
|
|a Online resource; title from ePub title page (Digitalia, viewed August 20, 2021)
|
| 655 |
|
7 |
|a Fiction.
|2 lcgft
|
| 655 |
|
0 |
|a Electronic books.
|
| 776 |
0 |
8 |
|i Print version:
|a Zambra, Alejandro, 1975-
|t Bonsái & La vida privada de los árboles.
|d Barcelona : Editorial Anagrama, 2016
|z 9788433977960
|w (OCoLC)930255939
|
| 791 |
2 |
|
|a Digitalia (Firm),
|e distributor.
|
| 793 |
0 |
|
|g Digitalia Hispánica eBook Collection:
|a Anagrama
|
| 830 |
|
0 |
|a Colección compactos ;
|v 523.
|
| 856 |
4 |
0 |
|3 Digitalia Hispánica
|u https://www.digitaliapublishing.com/a/42382/
|
| 910 |
|
|
|a Premium Collection: 2021
|